| Tag |
First Indicator |
Second Indicator |
Subfields |
| LEADER |
00000cam a2200000 a 4500 |
| 001 |
in00002137821 |
| 006 |
m e d # |
| 007 |
cr mn mmmmabba |
| 008 |
840806s1740 paua s 000 0 eng d |
| 005 |
20260331160443.3 |
| 035 |
|
|
|z w022438
|
| 035 |
|
|
|a MAAR8408063905B
|
| 035 |
|
|
|9 mwa91-15228
|
| 035 |
|
|
|a 320774
|
| 035 |
|
|
|a aas03022438
|
| 040 |
|
|
|a MWA
|c MWA
|e bdrb
|d UtOrBLW
|
| 100 |
1 |
|
|a Leeds, Titan,
|d 1699-1738.
|
| 245 |
1 |
4 |
|a The American almanack for the year of Christian account, 1741 :
|b ... Fitted to the latitude of 40 degrees, and a meridian of 5 hours west from London, but may, without sensible error, serve all the adjacent places from Newfoundland to South-Carolina. /
|c By Titan Leeds, philomat.
|
| 264 |
|
3 |
|a Philadelphia :
|b Printed and sold by Andrew Bradford, at the Sign of the Bible in Front-Street, near High-Street,
|c [1740]
|
| 300 |
|
|
|a 24 unnumbered pages :
|b illustrations ;
|c 17 cm. (octavo)
|
| 336 |
|
|
|a text
|b txt
|2 rdacontent
|
| 337 |
|
|
|a computer
|b c
|2 rdamedia
|
| 338 |
|
|
|a online resource
|b cr
|2 rdacarrier
|
| 500 |
|
|
|a Publisher's prefaces to the issues for 1739 and 1740 state that in 1738, in anticipation of his death, Leeds calculated almanacs "for seven years to come," i.e. 1739-1745.
|
| 500 |
|
|
|a At head of title: Leeds coat of arms with scroll reading: The genuine Leeds almanack.
|
| 500 |
|
|
|a Advertised in the American weekly Mercury, Philadelphia, Nov. 13/20, 1740.
|
| 500 |
|
|
|a The Anatomy is the only illustration in the text.
|
| 510 |
4 |
|
|a Evans
|c 4540
|
| 510 |
4 |
|
|a Hildeburn, C.R. Pennsylvania,
|c 642
|
| 510 |
4 |
|
|a Drake, M. Almanacs,
|c 9622
|
| 530 |
|
|
|a Microform version available in the Readex Early American Imprints series.
|
| 533 |
|
|
|a Electronic text and image data.
|b [Chester, Vt. :
|c Readex, a division of Newsbank, Inc.,
|d 2002-2004.
|e Includes files in TIFF, GIF and PDF formats with inclusion of keyword searchable text.
|f (Early American imprints. First series ; no. 4540).
|
| 500 |
|
|
|a Electronic resource.
|
| 655 |
|
7 |
|a Almanacs
|z Pennsylvania
|y 1741.
|2 rbgenr
|
| 740 |
0 |
|
|a Genuine Leeds almanack.
|
| 752 |
|
|
|a United States
|b Pennsylvania
|d Philadelphia.
|
| 830 |
|
0 |
|a Early American imprints.
|n Series I,
|p Evans (1639-1800) ;
|v no. 4540.
|
| 856 |
4 |
1 |
|u http://proxy.library.tamu.edu/login?url=https://opac.newsbank.com/select/evans/4540
|y Evans Digital Edition
|t 0
|
| 999 |
|
|
|a MARS
|
| 999 |
f |
f |
|s 0923fcca-ea14-33da-bfb6-3755b2514a9a
|i de8f7663-6e44-37b8-8e25-58ba202c1e53
|t 0
|
| 952 |
f |
f |
|a Texas A&M University
|b College Station
|c Electronic Resources
|s www_evans
|d Available Online
|t 0
|h No information provided
|
| 998 |
f |
f |
|t 0
|l Available Online
|